000 00671nam a2200205 a 4500
001 000019574
005 20200929170049.0
008 100630s1988 ck r 000 p spa d
040 _aDO-SdBNP
_bspa
_cBNPHU
082 _aC861.44
_bB412c
100 1 _aBedoya, Luis Ivan
_d1947-
_941993
245 1 0 _aCanto a pulso /
_cLuis Ivan Bedoya.
260 _aMedellín :
_bEdiciones Otras Palabras,
_c1988.
300 _a69 p. ;
_c22 cm.
490 1 _aColección poesía ;
_v9
500 _aIncluye referencia biográfica del autor en la contracubierta.
650 4 _aPoesía colombiana
_93742
650 4 _aLiteratura colombiana
_91244
830 0 _aColección poesía ;
_n9
_941994
999 _c19090
_d19090